Gloria Gloria (Record no. 9365)

MARC details
010 ## - Numéro international normalisé du livre (ISBN)
ISBN 978-2-84260-896-5
100 ## - Données générales de traitement
Données générales de traitement 20230924 frey50
101 0# - Langue de la ressource
Langue du texte, de la bande son, etc. français
102 ## - Pays de publication ou de production
Pays de publication France
200 1# - Titre et mention de responsabilité
Titre propre Gloria Gloria
Indication générale du type de document Livre
214 #0 - Mentions de production, publication, diffusion et manufacture
Nom de l’éditeur Éd. théâtrales
700 ## - Auteur principal
Nom Caramès-Blanco
Prénom Marcos
323 ## - Nombre de personnages
Texte de la note 8 personnages
105 ## - Zone de données codées : textes, monographies
Données codées sur les monographies textuelles ||||z 00|||
181 #0 - Zone de données codées : Forme de la ressource
Données de liaison entre champs 01
Forme du contenu selon l’ISBD sous forme codée i
Qualificatif(s) du contenu selon l’ISBD sous forme codée xxxe
181 ## - Zone de données codées : Forme de la ressource
Données de liaison entre champs 02
Autre référentiel utilisé pour coder la forme du contenu texte
Code du référentiel rdacontent
182 #0 - Zone de données codées : type de média
Données de liaison entre champs 01
Type de médiation selon l’ISBD sous forme codée sans média
182 ## - Zone de données codées : type de média
Données de liaison entre champs 02
Autre référentiel utilisé pour coder le type de médiation sans média
Code du référentiel rdamedia
214 #0 - Mentions de production, publication, diffusion et manufacture
Lieu de publication, production, distribution/diffusion, fabrication Montreuil
801 #0 - Origine de la notice
Pays FR
Agence de catalogage FR-751131015
Date de la transaction 20230308
Règles de catalogage utilisées AFNOR
Identifiant d'origine FRBNF472029990000003
Code du format utilisé intermrc
000 -Etiquette de la notice
Leader 00835nam0a2200265 4500
003 - Identifiant de la notice
Identifiant http://catalogue.bnf.fr/ark:/12148/cb47202999n
035 ## - Identifiant de la notice dans un autre système
Identifiant de la notice dans un autre système 10595
930 ## -
-- FR-751071001:47202999002001
-- 8-AY-10937
-- 759999999
-- Maison Jean Vilar - Magasin
-- N
Holdings
Exclu du prêt Date de création Site actuel Code barre Date prix de remplacement Numéro inventaire Cote Date de restitution prévue Statut Site de rattachement Type de document Koha
  24.09.2023 Théâtre Joliette JOL-005520 24.09.2023 u TH CAR 29.04.2026   Théâtre Joliette Livre